000
00319nam a2200145Ia 4500
100
_a
Balagurusamy/ E.
942
_c
BK
654
_a
Programming with Java
245
_a
Programming with Java
260
_b
Tata Mc Graw hill
_c
1999
082
_a
005.133'J'
_b
BAL
300
_a
453
546
_a
ENGLISH
999
_c
19253
_d
19253